MARC

LEADER 00000nam0a2200000 4500
001 281493
005 20231101235416.0
020 |a RU  |b 86-76476 
035 |a (RuTPU)RU\TPU\book\305260 
090 |a 281493 
100 |a 20150122d1986 m y0rusy5003 ca 
101 0 |a rus 
102 |a RU 
105 |a a z 001zb 
200 1 |a Председатель ВРК  |f М. Б. Погребинский 
210 |a Москва  |c Московский рабочий  |d 1986 
215 |a 301 с.  |c ил. 
225 1 |a Борцы за великое дело 
320 |a Библиогр. в примеч.: с. 287-299 
600 1 |a Косиор  |b С. В.  |c польский и российский политический деятель  |f 1889-1939  |g Станислав Викентьевич  |2 stltpush  |3 (RuTPU)RU\TPU\pers\32267  |9 16256 
606 1 |a Персоналии деятелей КПСС  |x История  |2 stltpush  |3 (RuTPU)RU\TPU\subj\48642  |9 67493 
610 0 |a биографии 
610 0 |a КПСС 
610 0 |a 20 век 
610 0 |a Октябрьская революция 1917 
610 0 |a государственные деятели 
686 |a Ф61(2)8  |2 rubbk 
700 1 |a Погребинский  |b М. Б.  |g Мордух Бениаминович 
801 0 |a RU  |b RuMRKP  |c 19950704  |g psbo 
801 1 |a RU  |b 63413507  |c 20150122 
801 2 |a RU  |b 63413507  |c 20170327  |g RCR 
942 |c BK